000
00322nam a2200121Ia 4500
008
210430s9999 xx 000 0 und d
082
_a
363.3N575 L
100
_a
D .H.Stamatis
245
_a
Failure Mode and Effect Analysis
_c
D .H.Stamatis
260
_a
Amrica
_b
William A.Tony
_c
2006
300
_a
455p
942
_c
BK
_2
ddc
999
_c
563442
_d
563442